| 000 | 01007nas a2200277 4500 | ||
|---|---|---|---|
| 001 | BR8300286 | ||
| 003 | BR-BrBNA | ||
| 005 | 20231205085407.0 | ||
| 007 | ta | ||
| 008 | 230509b bl.|||p| |||| 00| 00por d | ||
| 040 |
_aBR-BrBNA _bpor _cBiblioteca Nacional de Agricultura |
||
| 041 | _a(En) | ||
| 072 | _aL30 | ||
| 100 | 1 | _aSousa, F.B. de | |
| 100 | 1 | _aSleper, D.A. | |
| 100 | 1 | _aBelyea, R.L. | |
| 100 | 1 | _aMatches, A.G. | |
| 245 | 1 | _aLeaf tensile strength, in vitro digestibility, and fiber component relationships in tall fescue [festuca, valor nutritivo, digestibilidade] | |
| 246 | 1 | _aLeaf tensile strength, in vitro digestibility, and fiber component relationships in tall fescue [nutritions value, digestibility] | |
| 650 | _aFESTUCA | ||
| 650 | _aVALOR NUTRITIVO | ||
| 650 | _aDIGESTIBILIDADE | ||
| 773 | 0 |
_tPesquisa Agropecuaria Brasileira (Brazil) _xISSN 0100-204X _g(Oct 1982), v. 17(10) p. 1497-1504 _wBR8300286 |
|
| 909 |
_a202311 _bLúcia _c55 _dLúcia Elande |
||
| 942 |
_2AGRIS _n0 _cANA |
||
| 999 |
_c111170 _d111170 |
||